Les chefs-d´oeuvre du Musée du Prado (Record no. 7306)

MARC details
000 -CABECERA
campo de control de longitud fija 00734nam a2200253 a 4500
001 - NÚMERO DE CONTROL
campo de control BRCA_7632
005 - FECHA Y HORA DE LA ÚLTIMA TRANSACCIÓN
campo de control 20190320205924.0
008 - DATOS DE LONGITUD FIJA--INFORMACIÓN GENERAL
campo de control de longitud fija 090713s1939----sz-a######---#000-0#fre-#
041 ## - CÓDIGO DE LENGUA
Código de lengua del texto/banda sonora o título independiente fre
044 ## - CÓDIGO DEL PAÍS DE LA ENTIDAD EDITORA/PRODUCTORA
Código MARC del país sz
050 #4 - SIGNATURA TOPOGRÁFICA DE LA BIBLIOTECA DEL CONGRESO
Número de clasificación N3450
Número de documento/Ítem .Ch44 1939
245 10 - MENCIÓN DE TÍTULO
Título Les chefs-d´oeuvre du Musée du Prado
Resto del título exposition.
260 ## - PUBLICACIÓN, DISTRIBUCIÓN, ETC.
Lugar de publicación, distribución, etc. Ginebra, Suiza
Nombre del editor, distribuidor, etc. Musée d´Art et d´Histoire
Fecha de publicación, distribución, etc. 1939
300 ## - DESCRIPCIÓN FÍSICA
Extensión 29 p.
Otras características físicas il.
Dimensiones 25 cm.
440 #0 - MENCIÓN DE SERIE/PUNTO DE ACCESO ADICIONAL--TÍTULO
Título Ville de Géneve
9 (RLIN) 18828
500 ## - NOTA GENERAL
Nota general T47
610 24 - PUNTO DE ACCESO ADICIONAL DE MATERIA--NOMBRE DE ENTIDAD CORPORATIVA
Nombre de entidad corporativa o nombre de jurisdicción como elemento de entrada Museo del Prado (Madrid)
9 (RLIN) 11074
650 14 - PUNTO DE ACCESO ADICIONAL DE MATERIA--TÉRMINO DE MATERIA
Término de materia o nombre geográfico como elemento de entrada Pintura
Subdivisión de forma Exposiciones
9 (RLIN) 13980
650 14 - PUNTO DE ACCESO ADICIONAL DE MATERIA--TÉRMINO DE MATERIA
Término de materia o nombre geográfico como elemento de entrada Pintura
Subdivisión geográfica Madrid
9 (RLIN) 18829
650 14 - PUNTO DE ACCESO ADICIONAL DE MATERIA--TÉRMINO DE MATERIA
Término de materia o nombre geográfico como elemento de entrada Galerías y museos
Subdivisión geográfica España
9 (RLIN) 7331
650 14 - PUNTO DE ACCESO ADICIONAL DE MATERIA--TÉRMINO DE MATERIA
Término de materia o nombre geográfico como elemento de entrada Galerías y museos
Subdivisión geográfica Suiza
9 (RLIN) 10728
902 ## - CATALOGADOR
Iniciales GFM
942 ## - ELEMENTOS DE PUNTO DE ACCESO ADICIONAL (KOHA)
Fuente del sistema de clasificación o colocación Library of Congress Classification
Tipo de ítem Koha Libros
Holdings
Estado de retiro Estado de pérdida Estado dañado No para préstamo Localización permanente Ubicación/localización actual Fecha de adquisición Número de inventario Total de préstamos Signatura topográfica completa Código de barras Fecha visto por última vez Precio válido a partir de Tipo de ítem Koha
El ejemplar forma parte de la colección y puede ser consultado según las políticas vigentes.       Biblioteca del Museo Franz Mayer (Rogerio Casas-Alatriste) Biblioteca del Museo Franz Mayer (Rogerio Casas-Alatriste) 09/07/2013 T47   N3450 .Ch44 1939 (T47) 8240 22/03/2019 22/03/2019 Libros